书目信息 |
| 题名: |
全力以赴
|
|
| 作者: | 弗朗西斯 著 | |
| 分册: | ||
| 出版信息: | 北京 群众出版社 2000.05 |
|
| 页数: | 361页 | |
| 开本: | 32开 | |
| 丛书名: | ||
| 单 册: | ||
| 中图分类: | I561.456 | |
| 科图分类: | ||
| 主题词: | 文学 | |
| 电子资源: | ||
| ISBN: | 7-5014-2217-6 | |
| 000 | 00533nam0 2200193 45 | |
| 001 | 0008161752 | |
| 005 | 20000817152629.9 | |
| 010 | @a7-5014-2217-6@d18.50元 | |
| 100 | @a20000816d2000 km y0chiy0120 ea | |
| 101 | 0 | @achi |
| 105 | @a z 000yy | |
| 200 | 1 | @a全力以赴@AQuan Li Yi Fu@f(英)弗朗西斯 著@F(Ying)FuLang Xi Si Zhu |
| 210 | @a北京@c群众出版社@d2000.05 | |
| 215 | @a361页@d32开 | |
| 606 | 0 | @a文学 |
| 690 | @aI561.456@v3 | |
| 701 | 0 | @a弗朗西斯@4著 |
| 801 | @aCN@bPftUser@c20000816 | |
| 905 | @b109226-228@dI561.456@eF891@f3 | |
| 全力以赴/(英)弗朗西斯 著.-北京:群众出版社,2000.05 |
| 361页;32开 |
| ISBN 7-5014-2217-6:18.50元 |
| ● |
| 相关链接 |
|
|
|
正题名:全力以赴
索取号:I561.456/F891
 
预约/预借
| 序号 | 登录号 | 条形码 | 馆藏地/架位号 | 状态 | 备注 |
| 1 | 109226 | 201092263 | 社科二线400B/400B社科库 28排2列3层/ [索取号:I561.456/F891] | 在馆 | |
| 2 | 109227 | 201092272 | 社科二线400B/400B社科库 28排2列3层/ [索取号:I561.456/F891] | 在馆 | |
| 3 | 109228 | 201092281 | 社科二线400B/400B社科库 28排2列3层/ [索取号:I561.456/F891] | 在馆 |